000 00770cam a22002533a 4500
001 18400
003 PGUSA
005 20140828083406.0
008 060516s2006||||xxu|||||s|||||000 1 eng d
040 _aPGUSA
_beng
042 _adc
050 4 _aPR
100 1 _aBorrow, George,
_d1803-1881
245 1 0 _aIsopel Berners :
_bThe History of certain doings in a Staffordshire Dingle, July, 1825
_h[electronic resource] /
_cGeorge Borrow
260 _bProject Gutenberg,
_c2006
506 _aPublic domain in the USA.
516 _aElectronic text
653 _aEngland -- Fiction
653 _aRomanies -- Fiction
700 1 _aSeccombe, Thomas,
_d1866-1923
830 0 _aProject Gutenberg
_v18400
856 4 0 _uhttp://www.gutenberg.org/ebooks/18400
942 _cEB
999 _c247655
_d247655